Loading...
| Science - Chemistry | 0 | 10 | 0 | 3 | 100 | 32 | 58.20 | 1 | 4 | 0.00 | 0.00 |
| Mythology | 0 | 8 | 2 | 0 | 70 | 10 | 39.88 | 3 | 6 | 0.00 | 0.00 |
| Science - Physics | 0 | 7 | 0 | 0 | 70 | 27 | 48.29 | 0 | 3 | 0.00 | 0.00 |
| Science - Biology | 0 | 6 | 0 | 0 | 60 | 28 | 57.67 | 1 | 1 | 0.00 | 0.00 |
| Philosophy | 0 | 5 | 0 | 2 | 50 | 61 | 91.20 | 0 | 1 | 0.00 | 0.00 |
| Literature - World | 0 | 4 | 0 | 0 | 40 | 78 | 92.75 | 0 | 1 | 0.00 | 0.00 |
| Religion | 0 | 4 | 1 | 0 | 35 | 74 | 79.50 | 0 | 1 | 0.00 | 0.00 |
| Social Science | 0 | 3 | 0 | 1 | 30 | 57 | 88.33 | 0 | 0 | 0.00 | 0.00 |
| Literature - British | 0 | 3 | 0 | 0 | 30 | 28 | 60.00 | 1 | 1 | 0.00 | 0.00 |
| Literature - European | 0 | 3 | 0 | 0 | 30 | 44 | 66.33 | 0 | 2 | 0.00 | 0.00 |
| Science - Other | 0 | 3 | 1 | 1 | 25 | 75 | 92.00 | 0 | 0 | 0.00 | 0.00 |
| Pop Culture | 0 | 2 | 0 | 0 | 20 | 46 | 47.50 | 0 | 1 | 0.00 | 0.00 |
| History - European | 0 | 2 | 0 | 0 | 20 | 40 | 53.00 | 0 | 1 | 0.00 | 0.00 |
| History - American | 0 | 2 | 0 | 1 | 20 | 67 | 76.00 | 0 | 0 | 0.00 | 0.00 |
| Fine Arts - Other | 0 | 1 | 0 | 0 | 10 | 95 | 95.00 | 0 | 0 | 0.00 | 0.00 |
| History - World | 0 | 1 | 1 | 1 | 5 | 85 | 85.00 | 0 | 0 | 0.00 | 0.00 |
| Painting/Sculpture | 0 | 1 | 1 | 0 | 5 | 90 | 90.00 | 0 | 0 | 0.00 | 0.00 |
| History - Other | 0 | 1 | 1 | 0 | 5 | 43 | 43.00 | 1 | 1 | 0.00 | 0.00 |
| Literature - American | 0 | 1 | 2 | 0 | 0 | 88 | 88.00 | 0 | 0 | 0.00 | 0.00 |
| Current Events | 0 | 0 | 1 | 0 | -5 | 0.00 | 0 | 0 | 0.00 | 0.00 | |
| Geography | 0 | 0 | 2 | 0 | -10 | 0.00 | 0 | 0 | 0.00 | 0.00 |